000 02039nam a22003257a 4500
005 20100811162111.0
010 _aENG-99801 B-462339-343 B-465404
020 _a9788189433246
_c400.00
035 _aEN-83333 B-462339-343 B-465404
037 _bDBAD/PUB
037 _bK.K.Pub/Ven
037 _bBlue Berry/Ven
082 _a921
100 _aSinha, Madhubala
_950600
245 _a The builder of Modern India, Rabindranath Tagore /
_cby Madhubala Sinha
260 _aDelhi
_bCalibore Publishers
_c2010
270 _aL-45, IInd Floor, Street No. 5 Shivaji Marg, Kartar Nagar
_bDelhi
300 _a208p.
_c21cm (Hb)
490 _aThe builder of Modern India
_950601
942 _2ddc
_cEN
_h921
_mTAG
999 _c41177
_d41177